Imperialism and popular culture
Αποθηκεύτηκε σε:
| Άλλοι συγγραφείς: | |
|---|---|
| Μορφή: | Βιβλίο |
| Γλώσσα: | English |
| Δημοσίευση: |
Manchester, UK :
Manchester University Press,
c1986
|
| Θέματα: | |
| Ετικέτες: |
Προσθήκη ετικέτας
Δεν υπάρχουν, Καταχωρήστε ετικέτα πρώτοι!
|
MARC
| LEADER | 00000cam a2200000 i 4500 | ||
|---|---|---|---|
| 001 | 1/4238 | ||
| 008 | 100205s1986 eng d | ||
| 020 | |a 0-7190-1868-4 (pbk.) | ||
| 035 | |l 10106671 | ||
| 040 | |a GR-MY-UA |b gre |e aacr | ||
| 041 | 0 | |a eng | |
| 082 | 0 | |a 941.082 |2 (22) | |
| 245 | 1 | 0 | |a Imperialism and popular culture / |c edited by John M. Mackenzie |
| 260 | |a Manchester, UK : |b Manchester University Press, |c c1986 | ||
| 300 | |a 264 σ.; |b εικ.; |c 24 εκ. | ||
| 504 | |a Περιέχει βιβλιογραφικές παραπομπές και ευρετήριο | ||
| 650 | 0 | 0 | |a Popular culture |z Great Britain |x History |y 19th century. |
| 650 | 0 | 0 | |a Popular culture |z Great Britain |x History |y 20th century. |
| 651 | 0 | |a Great Britain |x Territorial expansion. | |
| 651 | 0 | |a Great Britain |x Colonies |x History. | |
| 700 | 1 | |a MacKenzie, John M. |4 edt | |
| 852 | |a INST |b LESVOS |e 20100205 |h 941.082 IMP |p 005100045786 |q 005100045786 |t BK |y 0 | ||
| 901 | |a BIBL1-2010-1 | ||
| 909 | |a Λ |b 162694 | ||
| 970 | |a ΓΙΑΛΑΜΑ |b ΜΑΡΙΑ |z 2010/02/05 | ||